Countries By Historical Enemy - Statistics

General Stats
  • This quiz has been taken 96 times
  • The average score is 13 of 15
Answer Stats
Hint Answer % Correct
Portugal 1494-1698 Spain
100%
France 1066-1815 United Kingdom
100%
Russia 1945-Present United States
100%
North Korea 1950-Present South Korea
99%
Pakistan 1947-Present India
98%
Iran 1980-1988 Iraq
96%
Denmark 1448-1790 Sweden
90%
Armenia 1988-Present Azerbaijan
89%
Turkey 1897-1922 Greece
89%
Paraguay 1864-1870 Brazil
87%
Bolivia 1879-1884 Peru
82%
Hungary 1477-1918 Austria
81%
Somalia 1977-Present Ethiopia
80%
Germany 1918-1939 Poland
80%
Netherlands 1815-1949 Indonesia
57%
No matching quizzes found
Score Distribution
Percent of People with Each Score
Percentile by Number Answered
Your Score History
You have not taken this quiz